| 000 -LEADER |
| fixed length control field |
01475nam a22002177a 4500 |
| 005 - DATE AND TIME OF LATEST TRANSACTION |
| control field |
20190820140109.0 |
| 008 - FIXED-LENGTH DATA ELEMENTS--GENERAL INFORMATION |
| fixed length control field |
190820b ||||| |||| 00| 0 eng d |
| 020 ## - INTERNATIONAL STANDARD BOOK NUMBER |
| International Standard Book Number |
9781509833559 |
| 040 ## - CATALOGING SOURCE |
| Transcribing agency |
KH8 |
| 082 ## - DEWEY DECIMAL CLASSIFICATION NUMBER |
| Classification number |
FIC COR |
| 100 ## - MAIN ENTRY--PERSONAL NAME |
| Personal name |
Corlett, Anne |
| 245 ## - TITLE STATEMENT |
| Title |
The space between the stars / |
| Statement of responsibility, etc. |
Anne Corlett |
| 260 ## - PUBLICATION, DISTRIBUTION, ETC. |
| Place of publication, distribution, etc. |
London : |
| Name of publisher, distributor, etc. |
Pan Books, |
| Date of publication, distribution, etc. |
2018. ©2017. |
| 300 ## - PHYSICAL DESCRIPTION |
| Extent |
401 pages ; |
| Dimensions |
20 cm. |
| 500 ## - GENERAL NOTE |
| General note |
Originally published: 2017. |
| 520 ## - SUMMARY, ETC. |
| Summary, etc. |
<br/>Jamie Allenby wakes, alone, and realizes her fever has broken. But could everyone she knows be dead? Months earlier, Jamie had left her partner Daniel, mourning the miscarriage of their baby. She'd just had to get away, so took a job on a distant planet. Then the virus hit. Jamie survived as it swept through our far-flung colonies. Now she feels desperate and isolated, until she receives a garbled message from Earth. If someone from her past is still alive perhaps Daniel she knows she must find a way to return. She meets others seeking Earth, and their ill-matched group will travel across space to achieve their dream. But they'll clash with survivors intent on repeating humanity's past mistakes, threatening their precious fresh start. Jamie will also get a second chance at happiness. But can she escape her troubled past, to embrace a hopeful future? |
| 650 ## - SUBJECT ADDED ENTRY--TOPICAL TERM |
| Topical term or geographic name entry element |
Survival |
| Form subdivision |
Fiction. |
| 650 ## - SUBJECT ADDED ENTRY--TOPICAL TERM |
| Topical term or geographic name entry element |
Biologicial disasters |
| Form subdivision |
Fiction. |
| 650 ## - SUBJECT ADDED ENTRY--TOPICAL TERM |
| Topical term or geographic name entry element |
Self-realization in women |
| Form subdivision |
Fiction. |
| 942 ## - ADDED ENTRY ELEMENTS (KOHA) |
| Source of classification or shelving scheme |
|
| Koha item type |
Books - Fiction |